000 00519nam a2200193Ia 4500
005 20250326144807.0
008 250326s9999 xx 000 0 und d
020 _a81-7629-079-3
037 _aTextbook
040 _aFMSL
_beng
_cFMSL
041 _aeng
_2eng
084 _aX:9 N8
_qFMSL
100 _aArya P P
245 0 _aHuman resource development
_cArya P P; Tandon B B
260 _aNew Delhi
_bNew Delhi, Deep & Deep
_c1998
300 _a515p
942 _cTB
_hX:9 N8
999 _c1305087
_d1305087